| 000 | 00366nam a2200145 a 4500 | ||
|---|---|---|---|
| 001 | 391 | ||
| 003 | CDMR | ||
| 005 | 20130703124357.0 | ||
| 008 | 130130s1990||||||||||||||||||||||||||||d | ||
| 040 |
_aCDMR _bcat _cCPC GIRONA |
||
| 100 | 1 |
_aGinard Bauça, Rafel _9271 |
|
| 245 | 1 | 0 |
_aCançoner popular de Mallorca _cGinard Bauça, Rafel |
| 260 |
_c1990 _bMoll |
||
| 942 |
_cMON _2udc |
||
| 999 |
_c391 _d391 |
||